|
|
|
|
| LEADER |
01638nam a2200421 a 4500 |
| 001 |
EBC1140205 |
| 003 |
MiAaPQ |
| 005 |
20200520144314.0 |
| 006 |
m o d | |
| 007 |
cr cn||||||||| |
| 008 |
130419s2013 enk sbi 001 0 eng d |
| 020 |
|
|
|z 9781780324791
|
| 035 |
|
|
|a (MiAaPQ)EBC1140205
|
| 035 |
|
|
|a (Au-PeEL)EBL1140205
|
| 035 |
|
|
|a (CaPaEBR)ebr10672824
|
| 035 |
|
|
|a (CaONFJC)MIL459622
|
| 035 |
|
|
|a (OCoLC)830162720
|
| 040 |
|
|
|a MiAaPQ
|c MiAaPQ
|d MiAaPQ
|
| 050 |
|
4 |
|a HB3782
|b .G743
|
| 082 |
0 |
4 |
|a 330.94
|2 23
|
| 100 |
1 |
|
|a Patomaki, Heikki.
|
| 245 |
1 |
4 |
|a The great Eurozone disaster
|h [electronic resource]
|b from crisis to global new deal /
|c Heikki Patomaki ; translated by James O'Connor.
|
| 260 |
|
|
|a London :
|b Zed Books,
|c c2013.
|
| 300 |
|
|
|a 1 online resource (ix, 274 p.).
|
| 490 |
1 |
|
|a Economic Controversies
|
| 504 |
|
|
|a Includes bibliographical references and index.
|
| 533 |
|
|
|a Electronic reproduction. Ann Arbor, MI : ProQuest, 2015. Available via World Wide Web. Access may be limited to ProQuest affiliated libraries.
|
| 588 |
|
|
|a Description based on online resource; title from title page (ebrary, viewed April 17, 2013).
|
| 650 |
|
0 |
|a Financial crises
|z European Union countries.
|
| 650 |
|
0 |
|a European Union.
|
| 650 |
|
0 |
|a Eurozone.
|
| 650 |
|
0 |
|a Monetary policy
|z European Union countries.
|
| 650 |
|
0 |
|a European Union countries
|x Economic policy.
|
| 655 |
|
4 |
|a Electronic books.
|
| 700 |
1 |
|
|a James O'Connor.
|
| 710 |
2 |
|
|a ProQuest (Firm)
|
| 830 |
|
0 |
|a Economic controversies.
|
| 856 |
4 |
0 |
|u https://ebookcentral.proquest.com/lib/matrademy/detail.action?docID=1140205
|z Click to View
|